Mecanismos de ayuda económica externa / (Registro nro. 12822)
[ vista simple ]
| 000 -LEADER | |
|---|---|
| fixed length control field | 01184nam a2200241Ia 4500 |
| 003 - CONTROL NUMBER IDENTIFIER | |
| control field | OSt |
| 005 - DATE AND TIME OF LATEST TRANSACTION | |
| control field | 20211207123803.0 |
| 008 - FIXED-LENGTH DATA ELEMENTS--GENERAL INFORMATION | |
| fixed length control field | 210310s1964 mx gr 000 0 spa d |
| 040 ## - CATALOGING SOURCE | |
| Original cataloging agency | CO-JMCR |
| Transcribing agency | CO-JMCR |
| 041 0# - LANGUAGE CODE | |
| Language code of text/sound track or separate title | spa |
| 082 04 - DEWEY DECIMAL CLASSIFICATION NUMBER | |
| Classification number | 332.673 / |
| Item number | M636m |
| Edition number | 23 |
| 100 1# - MAIN ENTRY--PERSONAL NAME | |
| Personal name | Mikesell, Raymond F., |
| Relator term | autor |
| 9 (RLIN) | 29311 |
| 245 10 - TITLE STATEMENT | |
| Title | Mecanismos de ayuda económica externa / |
| Statement of responsibility, etc. | Raymond F. Mikesell |
| 250 ## - EDITION STATEMENT | |
| Edition statement | Primera edición |
| 260 ## - PUBLICATION, DISTRIBUTION, ETC. | |
| Place of publication, distribution, etc. | México : |
| Name of publisher, distributor, etc. | Panamerica, |
| Date of publication, distribution, etc. | 1964. |
| 300 ## - PHYSICAL DESCRIPTION | |
| Extent | 265 páginas ; |
| Dimensions | 21 cm. |
| 501 ## - WITH NOTE | |
| With note | Con: notas a pie de página. |
| 505 0# - FORMATTED CONTENTS NOTE | |
| Formatted contents note | Clasificación y análisis de los préstamos públicos al exterior y funciones que desempañan. -- Instituciones políticas de crédito al extranjero. -- Problemas y políticas en materia de préstamos públicos para el desarrollo económico. -- La capacidad de absorción de capital como limitaciones de los préstamos para desarrollo económico. -- La capacidad para atender el servicio de la deuda exterior. -- |
| 650 14 - SUBJECT ADDED ENTRY--TOPICAL TERM | |
| Topical term or geographic name entry element | Desarrollo económico |
| General subdivision | Políticas |
| 9 (RLIN) | 41770 |
| 650 24 - SUBJECT ADDED ENTRY--TOPICAL TERM | |
| Topical term or geographic name entry element | Préstamos |
| General subdivision | Desarrollo económico |
| 9 (RLIN) | 41771 |
| 650 24 - SUBJECT ADDED ENTRY--TOPICAL TERM | |
| Topical term or geographic name entry element | Crédito al extranjero |
| General subdivision | Desarrolló económico |
| 9 (RLIN) | 41772 |
| 942 ## - ADDED ENTRY ELEMENTS (KOHA) | |
| Source of classification or shelving scheme | Dewey Decimal Classification |
| Koha item type | Books |
| Withdrawn status | Lost status | Source of classification or shelving scheme | Damaged status | Not for loan | Home library | Current library | Shelving location | Date acquired | Source of acquisition | Total Checkouts | Full call number | Barcode | Date last seen | Date last checked out | Copy number | Price effective from | Koha item type |
|---|---|---|---|---|---|---|---|---|---|---|---|---|---|---|---|---|---|
| Dewey Decimal Classification | Biblioteca Pública José María del Castillo y Rada | Biblioteca Pública José María del Castillo y Rada | General Stacks | 04/15/2018 | Donación | 1 | 332.673 / M636m | 430003911 | 05/16/2024 | 01/26/2024 | Ej.1 | 03/10/2021 | Books | ||||
| Dewey Decimal Classification | Biblioteca Pública José María del Castillo y Rada | Biblioteca Pública José María del Castillo y Rada | General Stacks | 04/15/2018 | Donación | 1 | 332.673 / M636m | 430004254 | 05/16/2024 | 01/26/2024 | Ej.2 | 03/10/2021 | Books |